[Event "XXX Memorial Edoardo Crespi B"]
[Site "Milano ITA"]
[Date "2009.12.08"]
[Round "7"]
[White "Petrone, Gianmario"]
[Black "Paulovich, Adriano"]
[Result "1/2-1/2"]
[WhiteElo "1736"]
[BlackElo "1773"]
[PlyCount "50"]
[EventDate "2009.12.04"]

1. e4 e5 2. Nf3 Nc6 3. Bb5 a6 4. Bxc6 dxc6 5. O-O f6 6. d4 Bd6 7. dxe5 fxe5 8.
Nc3 Nf6 9. Qd3 O-O 10. Qc4+ Kh8 11. Rd1 Qe7 12. h3 Be6 13. Qe2 Rad8 14. a3 Bf7
15. Ng5 Bg8 16. Be3 h6 17. Nf3 Nh5 18. Nd2 Nf4 19. Bxf4 Rxf4 20. Nf3 Rdf8 21.
b4 Be6 22. Kh2 Rxf3 23. gxf3 Qh4 24. Kg1 Bxh3 25. Qe3 Be7 1/2-1/2

[Event "XXX Memorial Edoardo Crespi B"]
[Site "Milano ITA"]
[Date "2009.12.08"]
[Round "7"]
[White "Quagliarella, Sabino Remo"]
[Black "Memarian, Milad"]
[Result "1/2-1/2"]
[WhiteElo "1886"]
[BlackElo "1962"]
[PlyCount "41"]
[EventDate "2009.12.04"]

1. d4 e6 2. Nf3 d5 3. Bf4 c6 4. e3 Bd6 5. Ne5 Nf6 6. Be2 Qc7 7. Nd2 Nbd7 8. Nd3
Bxf4 9. Nxf4 O-O 10. O-O e5 11. dxe5 Nxe5 12. Nd3 Re8 13. Nxe5 Qxe5 14. c3 Bd7
15. Bf3 Rad8 16. Qa4 Ne4 17. Rad1 g5 18. Qd4 f5 19. Bxe4 Qxd4 20. exd4 fxe4 21.
Rde1 1/2-1/2

[Event "XXX Memorial Edoardo Crespi B"]
[Site "Milano ITA"]
[Date "2009.12.08"]
[Round "7"]
[White "Reale, Simone"]
[Black "Pescatore, Lorenzo"]
[Result "1/2-1/2"]
[WhiteElo "1826"]
[BlackElo "1900"]
[PlyCount "83"]
[EventDate "2009.12.04"]

1. d4 Nf6 2. c4 c5 3. d5 e5 4. Nc3 d6 5. e4 Nbd7 6. Bd3 Be7 7. Nf3 O-O 8. O-O
Ne8 9. a3 g6 10. Qd2 Ng7 11. b4 f5 12. bxc5 Nxc5 13. Bc2 f4 14. Bb2 g5 15. Nb5
a6 16. Nc3 g4 17. Ne1 Rf6 18. Nd3 Nxd3 19. Qxd3 Rh6 20. Ne2 Qe8 21. Rfe1 Qh5
22. Kf1 f3 23. Ng3 Qxh2 24. gxf3 gxf3 25. Qxf3 Rf6 26. Nf5 Bxf5 27. exf5 Nxf5
28. Bxf5 Raf8 29. Qg2+ Qxg2+ 30. Kxg2 Rxf5 31. Re2 Bh4 32. Rf1 Kf7 33. Rh1 Rg5+
34. Kf1 Rg4 35. c5 dxc5 36. Bxe5 Kg6 37. Rh2 Bf6 38. Bxf6 Rxf6 39. Re7 Rf7 40.
Rxf7 Kxf7 41. Rxh7+ Rg7 42. Rh6 1/2-1/2

[Event "XXX Memorial Edoardo Crespi B"]
[Site "Milano ITA"]
[Date "2009.12.08"]
[Round "7"]
[White "Regorda, Vittorio"]
[Black "Paganini, Andrea"]
[Result "0-1"]
[WhiteElo "1865"]
[BlackElo "1753"]
[PlyCount "144"]
[EventDate "2009.12.04"]

1. d4 d5 2. Nf3 Nc6 3. g3 Nf6 4. Bg2 Bf5 5. O-O e6 6. c3 Bd6 7. Nbd2 h5 8. a3
a5 9. c4 h4 10. c5 Be7 11. Nxh4 Nxd4 12. Qa4+ Nc6 13. Nxf5 exf5 14. Nb3 Qd7 15.
Rd1 Ne4 16. Bxe4 fxe4 17. Nd2 Bxc5 18. e3 Ne5 19. Qxd7+ Nxd7 20. Nb3 c6 21. Bd2
a4 22. Nxc5 Nxc5 23. Bc3 Ne6 24. Kg2 f5 25. Be5 Rg8 26. h4 Nc5 27. Rh1 Nd3 28.
Bc3 Kf7 29. h5 Rh8 30. Rh4 Rae8 31. Rf1 Rh7 32. f3 Kg8 33. f4 Re6 34. Rfh1 b5
35. g4 fxg4 36. Rxg4 Kf7 37. Rg5 Reh6 38. f5 Nc5 39. Kf1 Nd7 40. Rhg1 Nf6 41.
Bd4 Rxh5 42. Ke1 Rxg5 43. Rxg5 Rh6 44. Kd2 g6 45. Kc3 gxf5 46. Rxf5 Ke6 47. Rf1
Nd7 48. Kb4 Kd6 49. Bg7 Rh3 50. Re1 Rg3 51. Bh6 Rg2 52. Bf4+ Ke6 53. Kc3 Nc5
54. Rh1 Nd3 55. Rh6+ Kf5 56. Rh5+ Kg4 57. Rg5+ Kf3 58. Rxg2 Kxg2 59. Bh6 Kf3
60. b3 axb3 61. Kxb3 Ne5 62. Kb4 Ng4 63. Bg7 Nxe3 64. Kc5 Nc4 65. Kxc6 Nxa3 66.
Kxd5 b4 67. Kd4 Nc2+ 68. Kc4 e3 69. Bf6 e2 70. Bh4 Ne3+ 71. Kd3 Ng2 72. Bg3 b3
0-1

[Event "XXX Memorial Edoardo Crespi B"]
[Site "Milano ITA"]
[Date "2009.12.08"]
[Round "7"]
[White "Riekenbrauk, Joerg"]
[Black "Guzzetti, Luigi Enrico"]
[Result "1/2-1/2"]
[WhiteElo "1941"]
[BlackElo "1856"]
[PlyCount "89"]
[EventDate "2009.12.04"]

1. e4 c5 2. d4 cxd4 3. c3 d3 4. Bxd3 e6 5. c4 Nc6 6. Nc3 Nf6 7. Nf3 d6 8. O-O
a6 9. Qe2 Be7 10. Rd1 Qc7 11. Bf4 Ne5 12. Nxe5 dxe5 13. Be3 Bd7 14. a3 O-O 15.
b4 b6 16. Rac1 Qb7 17. c5 bxc5 18. bxc5 Bc6 19. Rb1 Qc8 20. Rb6 Bb7 21. Na4 Nd7
22. Rb4 a5 23. Nb6 Nxb6 24. Rxb6 Bd8 25. c6 Bxb6 26. cxb7 Qxb7 27. Rb1 Qe7 28.
Rxb6 Qxa3 29. h3 a4 30. Qc2 Rfd8 31. Ba6 Qe7 32. Qxa4 Qh4 33. Qc2 g5 34. Qe2 h5
35. Qf3 g4 36. Qg3 Qxg3 37. fxg3 Rd1+ 38. Kf2 Ra1 39. Be2 R8a2 40. Rd6 Rb1 41.
Rd2 Rbb2 42. Rxb2 Rxb2 43. hxg4 hxg4 44. Bg5 Kg7 45. Ke3 1/2-1/2

[Event "XXX Memorial Edoardo Crespi B"]
[Site "Milano ITA"]
[Date "2009.12.08"]
[Round "7"]
[White "Silari, Andrea"]
[Black "Pierandrei, Cristiano"]
[Result "0-1"]
[WhiteElo "1797"]
[BlackElo "1862"]
[PlyCount "96"]
[EventDate "2009.12.04"]

1. e4 c5 2. Nf3 e6 3. d3 d5 4. Nbd2 Nf6 5. g3 Nc6 6. Bg2 Be7 7. O-O O-O 8. Re1
Re8 9. e5 Nd7 10. Qe2 Qc7 11. Nf1 b5 12. Bf4 Rb8 13. a3 a5 14. h4 Qb6 15. c3 d4
16. Ng5 dxc3 17. bxc3 Bxg5 18. hxg5 b4 19. Rab1 Ne7 20. Ne3 Ba6 21. Be4 Nf8 22.
Kg2 Qc7 23. axb4 axb4 24. Rh1 Neg6 25. Ng4 Nd7 26. Bxg6 fxg6 27. cxb4 Qc6+ 28.
f3 cxb4 29. Rbc1 Qb5 30. Rc7 Rb7 31. Rxb7 Qxb7 32. Be3 Qd5 33. Rb1 b3 34. Rb2
Rb8 35. Nf2 Rc8 36. Qd1 Qxe5 37. Qd2 Qd5 38. Qb4 Rb8 39. Qe7 Ne5 40. Ne4 Nxd3
41. Nf6+ gxf6 42. gxf6 Ne1+ 43. Kf2 Qxf3+ 44. Kxe1 Qxe3+ 45. Kd1 Qd3+ 46. Ke1
Qf1+ 47. Kd2 Qe2+ 48. Kc3 Qd3# 0-1

[Event "XXX Memorial Edoardo Crespi B"]
[Site "Milano ITA"]
[Date "2009.12.08"]
[Round "7"]
[White "Villalba, Fernando"]
[Black "Lancianese, Giuseppe"]
[Result "1-0"]
[WhiteElo "1913"]
[BlackElo "1786"]
[PlyCount "71"]
[EventDate "2009.12.04"]

1. d4 d5 2. Nf3 Nf6 3. Bf4 c6 4. h3 Bf5 5. e3 e6 6. c3 Nbd7 7. Be2 Be7 8. Nbd2
O-O 9. O-O c5 10. Nh4 Be4 11. Nxe4 Nxe4 12. Nf3 Ndf6 13. Nd2 Bd6 14. Bxd6 Qxd6
15. Nf3 Nd7 16. dxc5 Ndxc5 17. Rc1 Nf6 18. c4 Rfd8 19. cxd5 Nxd5 20. Nd4 a6 21.
Bf3 Qe7 22. Qc2 Rac8 23. Bxd5 exd5 24. b4 Ne6 25. Qxc8 Rxc8 26. Rxc8+ Nf8 27.
Rfc1 g6 28. a3 Kg7 29. R1c7 Qe4 30. Rxb7 g5 31. Rcc7 g4 32. Rxf7+ Kh6 33. hxg4
Qxg4 34. Nf3 Ne6 35. Rxh7+ Kg6 36. Ne5+ 1-0

[Event "XXX Memorial Edoardo Crespi A"]
[Site "Milano ITA"]
[Date "2009.12.05"]
[Round "1"]
[White "Astengo, Corrado"]
[Black "Feuerstack, Aljoscha"]
[Result "0-1"]
[WhiteElo "2110"]
[BlackElo "2373"]
[PlyCount "66"]
[EventDate "2009.12.05"]

1. e4 c5 2. Nf3 e6 3. d3 Nc6 4. g3 d6 5. Bg2 g6 6. O-O Bg7 7. c3 Nge7 8. Be3
O-O 9. Nbd2 b5 10. d4 cxd4 11. cxd4 Bb7 12. Rc1 a5 13. Re1 a4 14. Nf1 Na5 15.
Bf4 Qb6 16. h4 Rfc8 17. h5 Rxc1 18. Bxc1 Rc8 19. N1h2 gxh5 20. Ng5 h6 21. Nh3
Qxd4 22. Qxh5 Qb4 23. Rf1 Qc5 24. Qf3 f5 25. Qe2 Qc4 26. Qh5 Bxe4 27. Bxh6 Bxg2
28. Bxg7 Kxg7 29. Ng5 Bxf1 30. Qf7+ Kh6 31. Qf6+ Kh5 32. Nxe6 Rg8 33. Kh1 Nac6
0-1

[Event "XXX Memorial Edoardo Crespi A"]
[Site "Milano ITA"]
[Date "2009.12.05"]
[Round "1"]
[White "Bonazzi, Edoardo"]
[Black "Ranfagni, Stefano"]
[Result "0-1"]
[WhiteElo "2193"]
[BlackElo "2014"]
[PlyCount "62"]
[EventDate "2009.12.05"]

1. Nf3 d5 2. c4 c6 3. g3 e6 4. b3 f5 5. Bg2 Nf6 6. O-O Be7 7. Bb2 O-O 8. d3 Bd7
9. Qc2 Be8 10. Nc3 Bh5 11. cxd5 exd5 12. Nd4 Qd7 13. Na4 Na6 14. Rac1 c5 15.
Nf3 Rac8 16. a3 d4 17. Ne5 Qc7 18. Qc4+ Kh8 19. e3 Rb8 20. Qe6 b5 21. exd4 bxa4
22. Qxa6 Rxb3 23. Ba1 Rxa3 24. Nc4 Rxd3 25. dxc5 Bxc5 26. Nb2 Rd6 27. Qc4 Rc8
28. Qxa4 Bxf2+ 29. Kh1 Qxc1 30. Rxc1 Rxc1+ 31. Bf1 Bf3# 0-1

[Event "XXX Memorial Edoardo Crespi A"]
[Site "Milano ITA"]
[Date "2009.12.05"]
[Round "1"]
[White "Borin, Fabio"]
[Black "Damia, Angelo"]
[Result "1/2-1/2"]
[WhiteElo "2104"]
[BlackElo "2338"]
[PlyCount "38"]
[EventDate "2009.12.05"]

1. e4 b6 2. d4 Bb7 3. Bd3 e6 4. Nf3 c5 5. O-O cxd4 6. Nxd4 Nc6 7. Be3 Nf6 8.
Nc3 Be7 9. Nxc6 dxc6 10. a4 Qc7 11. a5 bxa5 12. Na4 c5 13. Bb5+ Kf8 14. f3 h5
15. Qe2 h4 16. Rfd1 a6 17. Bc4 Rh5 18. Qd2 Rd8 19. Qe2 Ra8 1/2-1/2

[Event "XXX Memorial Edoardo Crespi A"]
[Site "Milano ITA"]
[Date "2009.12.05"]
[Round "1"]
[White "Bove, Alessandro"]
[Black "Bonade', Massimo"]
[Result "1/2-1/2"]
[WhiteElo "2337"]
[BlackElo "2103"]
[PlyCount "47"]
[EventDate "2009.12.05"]

1. e4 c5 2. Nf3 d6 3. d4 cxd4 4. Nxd4 Nf6 5. Nc3 a6 6. Bg5 e6 7. f4 Be7 8. Qf3
Qc7 9. O-O-O Nbd7 10. g4 b5 11. Bxf6 Bxf6 12. g5 Bxd4 13. Rxd4 Bb7 14. Be2 O-O
15. Rhd1 Nc5 16. b4 Na4 17. Nxa4 bxa4 18. Rxd6 Rfc8 19. Qd3 Bd5 20. e5 Rab8 21.
Bg4 Bxa2 22. Rd7 Qb6 23. Rd6 Qc7 24. Rd7 1/2-1/2

[Event "XXX Memorial Edoardo Crespi A"]
[Site "Milano ITA"]
[Date "2009.12.05"]
[Round "1"]
[White "Brunello, Marina"]
[Black "Shishkin, Vadim"]
[Result "1/2-1/2"]
[WhiteElo "2158"]
[BlackElo "2515"]
[PlyCount "256"]
[EventDate "2009.12.05"]

1. e4 c5 2. c3 d5 3. exd5 Qxd5 4. d4 Nc6 5. Nf3 Bg4 6. Be2 cxd4 7. cxd4 e6 8.
O-O Nf6 9. h3 Bh5 10. Nc3 Qa5 11. Be3 Bd6 12. Qb3 Qb4 13. Rfd1 Qxb3 14. axb3
Nd5 15. Nxd5 exd5 16. g4 Bg6 17. Ne5 Nb4 18. Bb5+ Ke7 19. Re1 Bxe5 20. Bd2 Nc6
21. Bxc6 bxc6 22. Rxe5+ Kd7 23. Bb4 Rhe8 24. Rxe8 Kxe8 25. Bc5 a6 26. Re1+ Kd8
27. b4 h5 28. gxh5 Bxh5 29. Kg2 Bg6 30. Kg3 Bf5 31. h4 Be6 32. h5 Kc7 33. f4
Rh8 34. Re5 Rh7 35. f5 Bd7 36. Re7 Rxh5 37. Rxf7 Rxf5 38. Rxg7 Rf1 39. Re7 Rg1+
40. Kf2 Rb1 41. Re2 Bg4 42. Re7+ Kd8 43. Kg3 Bd7 44. Re2 Kc7 45. Kf4 Rf1+ 46.
Kg5 Rf5+ 47. Kg6 Rf3 48. Kg7 Kd8 49. Bb6+ Kc8 50. Rh2 Bh3 51. Re2 Kd7 52. Re1
Bf5 53. Re5 Rf2 54. Bc5 Be6 55. Re3 Rxb2 56. Ra3 Rg2+ 57. Kf6 Rf2+ 58. Kg5 Rf5+
59. Kg6 Rf1 60. Rxa6 Bf5+ 61. Kg5 Bd3 62. Ra7+ Kd8 63. Bb6+ Ke8 64. Rc7 Bb5 65.
Bc5 Rf2 66. Bd6 Kd8 67. Ra7 Rf1 68. Bf4 Bd3 69. Rf7 Rg1+ 70. Kf6 Rg6+ 71. Ke5
Ba6 72. Ra7 Bc8 73. Be3 Re6+ 74. Kf4 Re4+ 75. Kf3 Bg4+ 76. Kf2 Kc8 77. Rf7 Bd7
78. Ke2 Kc7 79. Kd3 Kd6 80. Rf6+ Ke7 81. Rf4 Re6 82. Rh4 Be8 83. Bg5+ Kf8 84.
Bf4 Bg6+ 85. Kd2 Ke8 86. Be5 Kd7 87. Rf4 Be8 88. Rg4 Rh6 89. Rf4 Ke7 90. Rf3
Bd7 91. Rf2 Rg6 92. Kc3 Bh3 93. Kd2 Bc8 94. Kc3 Ba6 95. Rh2 Bb5 96. Kd2 Rg4 97.
Ke3 Re4+ 98. Kd2 Ke6 99. Rf2 Rh4 100. Rf6+ Ke7 101. Rf3 Rh1 102. Rg3 Rb1 103.
Rg7+ Ke6 104. Rg6+ Kf5 105. Rf6+ Kg5 106. Kc3 Ba4 107. Rf8 Rb3+ 108. Kd2 Rxb4
109. Rg8+ Kf5 110. Rf8+ Ke6 111. Rf6+ Kd7 112. Rf7+ Ke8 113. Rh7 Rb3 114. Bd6
Bb5 115. Re7+ Kd8 116. Bc5 Ba6 117. Kc2 Rh3 118. Rg7 Bd3+ 119. Kd2 Bf5 120.
Bb6+ Ke8 121. Bc5 Rh6 122. Ke3 Re6+ 123. Kd2 Bg6 124. Ra7 Bf5 125. Rg7 Re4 126.
Kc3 Re2 127. Kb3 Re1 128. Kc3 Re6 1/2-1/2

[Event "XXX Memorial Edoardo Crespi A"]
[Site "Milano ITA"]
[Date "2009.12.05"]
[Round "1"]
[White "Brunello, Roberta"]
[Black "Rettore, Ludwig"]
[Result "1-0"]
[WhiteElo "2016"]
[BlackElo "2197"]
[PlyCount "123"]
[EventDate "2009.12.05"]

1. e4 e5 2. Nf3 Nf6 3. Nxe5 d6 4. Nf3 Nxe4 5. Nc3 Nxc3 6. dxc3 Be7 7. Bf4 O-O
8. Qd2 Nc6 9. Bd3 Be6 10. O-O-O Qd7 11. Bg5 f6 12. Bf4 Ne5 13. Be4 Qa4 14. Bd5
Bxd5 15. Qxd5+ Kh8 16. Rd4 Qc6 17. Qxc6 bxc6 18. Bxe5 fxe5 19. Rc4 c5 20. Re4
Rf5 21. Kd2 Kg8 22. Ke2 Rb8 23. b3 Bf6 24. g4 Rf4 25. Rxf4 exf4 26. Kd3 Re8 27.
g5 Bd8 28. Rg1 d5 29. Rg4 Re4 30. h4 c4+ 31. bxc4 Rxc4 32. Ne5 Rc5 33. Rxf4 Be7
34. Ra4 a5 35. c4 dxc4+ 36. Nxc4 Rf5 37. Rxa5 Rxf2 38. Re5 Bd6 39. Nxd6 cxd6
40. Rd5 Rf4 41. Rd4 Rf3+ 42. Kc4 Ra3 43. Kd5 Rxa2 44. c4 h6 45. gxh6 gxh6 46.
Kxd6 Kf7 47. Re4 Rd2+ 48. Kc6 Rc2 49. c5 Kf6 50. Kd6 Rd2+ 51. Kc7 Rc2 52. c6
Kf5 53. Re1 Kg4 54. Re6 h5 55. Re4+ Kf5 56. Rb4 Ke6 57. Rb5 Rc1 58. Rxh5 Rc4
59. Kd8 Rg4 60. Rh6+ Kd5 61. c7 Rg8+ 62. Kd7 1-0

[Event "XXX Memorial Edoardo Crespi A"]
[Site "Milano ITA"]
[Date "2009.12.05"]
[Round "1"]
[White "Calella, Sergio"]
[Black "Sbarra, Marco"]
[Result "0-1"]
[WhiteElo "2080"]
[BlackElo "2256"]
[PlyCount "112"]
[EventDate "2009.12.05"]

1. e4 e5 2. Nf3 Nc6 3. d4 exd4 4. Bc4 Nf6 5. O-O Nxe4 6. Re1 d5 7. Bxd5 Qxd5 8.
Nc3 Qa5 9. Nxe4 Be6 10. Neg5 O-O-O 11. Nxe6 fxe6 12. Rxe6 Bd6 13. Bg5 Rde8 14.
Qe2 Kd7 15. Re4 Qf5 16. Re1 Rxe4 17. Qxe4 Qxe4 18. Rxe4 Re8 19. Rxe8 Kxe8 20.
Kf1 Kd7 21. Ke2 Ke6 22. Bd2 Kd5 23. c3 Bc5 24. Kd3 b5 25. cxd4 Nxd4 26. Ng5 Nc6
27. Bc3 Ne5+ 28. Ke2 h6 29. Nh3 g5 30. f4 Nf7 31. fxg5 hxg5 32. Bf6 Bd4 33.
Bxd4 Kxd4 34. Nf2 c5 35. g3 c4 36. Kd2 Ne5 37. h3 b4 38. Nd1 a5 39. a3 Nf3+ 40.
Kc2 Ne1+ 41. Kd2 Nf3+ 42. Kc2 Ke4 43. axb4 axb4 44. Nf2+ Ke3 45. Ng4+ Ke2 46.
h4 Nxh4 47. Ne5 Nf5 48. g4 Nd4+ 49. Kc1 c3 50. bxc3 bxc3 51. Nf7 Kd3 52. Ne5+
Ke4 53. Nf7 Kf4 54. Nh6 Kf3 55. Kd1 Ke3 56. Nf5+ Kd3 0-1

[Event "XXX Memorial Edoardo Crespi A"]
[Site "Milano ITA"]
[Date "2009.12.05"]
[Round "1"]
[White "Cazzaniga, Walter"]
[Black "Dvirnyy, Danyyil"]
[Result "0-1"]
[WhiteElo "2139"]
[BlackElo "2461"]
[PlyCount "92"]
[EventDate "2009.12.05"]

1. d4 Nf6 2. c4 g6 3. Nc3 Bg7 4. e4 d6 5. Nf3 O-O 6. Be2 e5 7. d5 a5 8. Bg5 h6
9. Bh4 Qe8 10. Bxf6 Bxf6 11. h4 Qe7 12. h5 Kg7 13. Nd2 Bg5 14. O-O Nd7 15. Re1
Nf6 16. Nf1 Bd7 17. a4 c6 18. Ra3 cxd5 19. cxd5 Rfc8 20. Rb3 Rc7 21. Bf3 Rac8
22. hxg6 fxg6 23. Rb6 Be8 24. Bg4 Nxg4 25. Qxg4 Rc4 26. Ne3 h5 27. Qd1 Rb4 28.
Rxb4 axb4 29. Na2 Qd8 30. b3 Qb6 31. Qd2 Kh6 32. Rc1 Qd4 33. Qe1 Rxc1 34. Qxc1
Bd7 35. Qe1 Qb2 36. Nxb4 Qxb3 37. a5 Bb5 38. Nec2 Qa4 39. Qc3 Qxa5 40. Qc8 Qd8
41. Qxb7 Be2 42. Qf7 Qf6 43. Qg8 Bh4 44. f3 Bxf3 45. gxf3 Qxf3 46. Qe6 Bf2+ 0-1

[Event "XXX Memorial Edoardo Crespi A"]
[Site "Milano ITA"]
[Date "2009.12.05"]
[Round "1"]
[White "Codenotti, Marco"]
[Black "Piscopo, Pierluigi"]
[Result "1-0"]
[WhiteElo "2118"]
[BlackElo "2429"]
[PlyCount "69"]
[EventDate "2009.12.05"]

1. e4 c5 2. Nf3 Nc6 3. d4 cxd4 4. Nxd4 Nf6 5. Nc3 e5 6. Ndb5 d6 7. Bg5 a6 8.
Na3 b5 9. Bxf6 gxf6 10. Nd5 f5 11. c3 Bg7 12. exf5 Bxf5 13. Nc2 Be6 14. g3 O-O
15. Bg2 a5 16. O-O Rb8 17. Nce3 f5 18. f4 Kh8 19. Qh5 e4 20. Rad1 b4 21. Rf2
bxc3 22. bxc3 Ne7 23. Rfd2 Nxd5 24. Nxd5 Qc8 25. Kh1 Bf7 26. Qg5 Bxd5 27. Rxd5
Qxc3 28. Rxf5 Rfe8 29. Qg4 e3 30. Bf3 Rb2 31. Rh5 Qc2 32. f5 e2 33. Rxh7+ Kxh7
34. Qg6+ Kh8 35. Qh5+ 1-0

[Event "XXX Memorial Edoardo Crespi A"]
[Site "Milano ITA"]
[Date "2009.12.05"]
[Round "1"]
[White "Facchetti, Gianni"]
[Black "Abasov, Nijat Azad Oglu"]
[Result "0-1"]
[WhiteElo "2162"]
[BlackElo "2510"]
[PlyCount "58"]
[EventDate "2009.12.05"]

1. e4 c5 2. Nf3 Nc6 3. Bb5 g6 4. Qe2 Bg7 5. e5 Nh6 6. Bxc6 dxc6 7. h3 Nf5 8.
O-O Nd4 9. Nxd4 Qxd4 10. Re1 Be6 11. d3 c4 12. dxc4 Bxc4 13. Qe4 Qxe4 14. Rxe4
Bd5 15. Re1 O-O-O 16. Nc3 Be6 17. Bg5 Rd7 18. Rad1 Rhd8 19. Rxd7 Rxd7 20. b3 h5
21. Re2 b5 22. f4 Bf5 23. Kf2 f6 24. Bh4 Rd4 25. Ke3 fxe5 26. Bxe7 exf4+ 27.
Kf3 Rd7 28. Nb1 Rd1 29. Nd2 Bc3 0-1

[Event "XXX Memorial Edoardo Crespi A"]
[Site "Milano ITA"]
[Date "2009.12.05"]
[Round "1"]
[White "Farago, Ivan"]
[Black "Salmoiraghi, Angelo"]
[Result "1/2-1/2"]
[WhiteElo "2497"]
[BlackElo "2150"]
[PlyCount "56"]
[EventDate "2009.12.05"]

1. d4 d5 2. c4 c6 3. Nf3 Nf6 4. Nc3 dxc4 5. a4 Bf5 6. Ne5 Nbd7 7. Nxc4 Nb6 8.
Ne5 a5 9. f3 e6 10. e4 Bg6 11. Be2 Nfd7 12. Be3 Nxe5 13. dxe5 Qxd1+ 14. Rxd1
Nd7 15. f4 Bb4 16. Bf3 Bc5 17. Ke2 Bxe3 18. Kxe3 f6 19. Rd6 Ke7 20. Rhd1 Rad8
21. exf6+ gxf6 22. Be2 e5 23. Bc4 Nc5 24. Rxd8 Rxd8 25. f5 Bh5 26. Rxd8 Kxd8
27. h3 Ke7 28. Bg8 h6 1/2-1/2

[Event "XXX Memorial Edoardo Crespi A"]
[Site "Milano ITA"]
[Date "2009.12.05"]
[Round "1"]
[White "Foisor, Ovidiu-Doru"]
[Black "Battistella, Stefano"]
[Result "1-0"]
[WhiteElo "2420"]
[BlackElo "2114"]
[PlyCount "44"]
[EventDate "2009.12.05"]

1. d4 Nf6 2. c4 e6 3. Nc3 Bb4 4. Qc2 Nc6 5. Nf3 O-O 6. Bd2 d5 7. e3 a6 8. a3
Bxc3 9. Bxc3 Ne4 10. Bd3 f5 11. O-O Rf6 12. Rfd1 Nxc3 13. Qxc3 Ne7 14. Rac1 c6
15. b4 Bd7 16. Qb2 Be8 17. Rd2 Rh6 18. a4 Bh5 19. Ne5 Ng6 20. cxd5 exd5 21. b5
Qh4 22. f4 Bg4 1-0

[Event "XXX Memorial Edoardo Crespi A"]
[Site "Milano ITA"]
[Date "2009.12.05"]
[Round "1"]
[White "Gagliardi, Christian"]
[Black "Loehnhardt, Benjamin"]
[Result "1-0"]
[WhiteElo "2244"]
[BlackElo "2076"]
[PlyCount "121"]
[EventDate "2009.12.05"]

1. e4 e6 2. d4 b6 3. Nc3 Bb7 4. Nf3 Bb4 5. Bd3 Nf6 6. Qe2 d5 7. e5 Ne4 8. Bd2
Nxd2 9. Qxd2 Ba6 10. a3 Bxc3 11. Qxc3 Bxd3 12. Qxd3 c5 13. dxc5 bxc5 14. O-O c4
15. Qc3 Nd7 16. Nd4 Qb6 17. Rad1 O-O 18. Rfe1 Nc5 19. b4 cxb3 20. cxb3 Ne4 21.
Qb2 Rfc8 22. Rc1 Nc5 23. Red1 Qb7 24. h3 h6 25. Kh2 Rab8 26. b4 Nd7 27. f4 Rxc1
28. Rxc1 Rc8 29. b5 Nb6 30. Rxc8+ Nxc8 31. Qb4 Qc7 32. Nc6 g6 33. a4 Kg7 34.
Qd4 h5 35. g4 hxg4 36. hxg4 a6 37. f5 axb5 38. axb5 Qb6 39. Qxb6 Nxb6 40. fxe6
fxe6 41. Nd8 Nc4 42. Nxe6+ Kh6 43. Kg3 g5 44. Nc7 Kg6 45. Nxd5 Kf7 46. b6 Nxe5
47. b7 Nd7 48. Nb6 Nb8 49. Kf3 Ke6 50. Ke4 Kd6 51. Kf5 Kc6 52. Nc4 Kxb7 53. Ne5
Kc7 54. Kxg5 Kd8 55. Kf6 Ke8 56. g5 Na6 57. g6 Kf8 58. Nd7+ Kg8 59. g7 Nc7 60.
Kg6 Nd5 61. Nf6+ 1-0

[Event "XXX Memorial Edoardo Crespi A"]
[Site "Milano ITA"]
[Date "2009.12.05"]
[Round "1"]
[White "Gamboa, Miguel"]
[Black "Almonti, Alessandro"]
[Result "1/2-1/2"]
[WhiteElo "2175"]
[BlackElo "2066"]
[PlyCount "82"]
[EventDate "2009.12.05"]

1. d4 Nf6 2. c4 e6 3. Nc3 Bb4 4. Nf3 Ne4 5. Qc2 f5 6. e3 b6 7. Bd3 Bb7 8. O-O
Bxc3 9. bxc3 O-O 10. Ne1 Qh4 11. f3 Ng5 12. d5 g6 13. f4 Nf7 14. Nf3 Qf6 15.
Bb2 Na6 16. c5 Qg7 17. c6 dxc6 18. dxe6 Nd6 19. c4 Rf6 20. Ne5 Bc8 21. g4 Bxe6
22. g5 Rf7 23. Ng4 fxg4 24. Bxg7 Kxg7 25. Qa4 Nc5 26. Qxc6 Raf8 27. Rfd1 Bc8
28. Qd5 Bb7 29. Qe5+ Kg8 30. Rac1 Re8 31. Qd4 Bf3 32. Re1 Rd7 33. Bb1 Nf5 34.
Bxf5 gxf5 35. Qf6 Rf8 36. Qh6 Rd6 37. Qh5 Rfd8 38. Rc2 Ne4 39. a4 Rd1 40. Rc1
R1d2 41. Rf1 Rg2+ 1/2-1/2

[Event "XXX Memorial Edoardo Crespi A"]
[Site "Milano ITA"]
[Date "2009.12.05"]
[Round "1"]
[White "Gori, Andrea"]
[Black "Cani, Gazmir"]
[Result "0-1"]
[WhiteElo "2182"]
[BlackElo "1973"]
[PlyCount "168"]
[EventDate "2009.12.05"]

1. e4 c5 2. Nf3 d6 3. d4 cxd4 4. Nxd4 Nf6 5. f3 a6 6. c4 Nc6 7. Be3 g6 8. Nc3
Bg7 9. Qd2 O-O 10. Be2 Bd7 11. g4 Rc8 12. Nxc6 Bxc6 13. Bh6 Re8 14. h4 Bh8 15.
h5 Qa5 16. hxg6 fxg6 17. Rb1 Qb4 18. a3 Qb3 19. Qd1 Qxd1+ 20. Kxd1 Nd7 21. Be3
e6 22. Kd2 Rcd8 23. Bg5 Nf6 24. Rh3 Rd7 25. Kc2 Rc8 26. Rd1 b5 27. cxb5 axb5
28. Kb3 Rb8 29. Kb4 Ne8 30. Rd2 Nc7 31. Bf4 Na6+ 32. Kb3 Nc5+ 33. Kc2 e5 34.
Be3 Ne6 35. Nd5 Nd4+ 36. Bxd4 Bxd5 37. Bc3 Be6 38. Rh1 d5 39. exd5 Rxd5 40.
Rxd5 Bxd5 41. Rd1 Be6 42. Bd3 Bd5 43. Be4 Be6 44. Rh1 Bf6 45. Re1 Rc8 46. Bd3
Bd7 47. Kb3 Re8 48. Be4 Kg7 49. Bd5 h6 50. Kb4 Be7+ 51. Ka5 Bd8+ 52. Ka6 Bc7
53. Bb4 Kf6 54. Kb7 Bd8 55. Bd2 Re7 56. Bb4 Rh7 57. Kb8 Bb6 58. Bc3 Bd4 59.
Bxd4 exd4 60. Re4 h5 61. gxh5 gxh5 62. Rxd4 Ke5 63. Rd1 h4 64. Be4 Rg7 65. Bb7
Kf4 66. Be4 h3 67. Rh1 Be6 68. Bc6 Rg2 69. Bxb5 Rxb2 70. a4 h2 71. Ka7 Bd5 72.
Bd7 Kg3 73. Bc8 Bxf3 74. Rxh2 Kxh2 75. a5 Kg3 76. a6 Kf4 77. Bb7 Be2 78. Ka8
Ke5 79. a7 Bf3 80. Bxf3 Kd6 81. Bb7 Kc7 82. Bc6 Rd2 83. Bd7 Rd6 84. Bc8 Rh6 0-1

[Event "XXX Memorial Edoardo Crespi A"]
[Site "Milano ITA"]
[Date "2009.12.05"]
[Round "1"]
[White "Iudicello, Giovanni"]
[Black "David, Alberto"]
[Result "0-1"]
[WhiteElo "2179"]
[BlackElo "2593"]
[PlyCount "306"]
[EventDate "2009.12.05"]

1. e4 c5 2. Nf3 e6 3. d4 cxd4 4. Nxd4 a6 5. Nc3 Qc7 6. Bd3 Nf6 7. Qe2 Bd6 8. h3
Nc6 9. Nxc6 dxc6 10. a4 a5 11. Be3 e5 12. O-O O-O 13. Bc4 Bb4 14. Bg5 Nd7 15.
Nd1 Qd6 16. c3 Bc5 17. Be3 Qg6 18. Qg4 Be7 19. Qxg6 hxg6 20. f3 Rd8 21. Nf2 Bc5
22. Ng4 Bxe3+ 23. Nxe3 Nc5 24. Rfd1 Re8 25. Kf2 Kf8 26. Nf1 Ke7 27. Nd2 Rd8 28.
Ke2 b6 29. Nb3 Ba6 30. Bxa6 Nxb3 31. Ra3 Rxd1 32. Kxd1 Nc5 33. Bc4 f5 34. exf5
gxf5 35. Ke2 Kf6 36. Ra1 Ra7 37. b3 Ra8 38. Rd1 Ke7 39. Ra1 g6 40. Ra2 Ra7 41.
Ra3 Kf6 42. Ra2 b5 43. axb5 cxb5 44. Bxb5 Nxb3 45. Kd1 e4 46. fxe4 fxe4 47. Ra4
Nc5 48. Rc4 Nd3 49. Kd2 Nb2 50. Rxe4 a4 51. Kc2 a3 52. Re1 Ra5 53. c4 Ra7 54.
Ra1 Ke5 55. Kb3 Kd4 56. h4 Rb7 57. Rc1 Ra7 58. Ra1 Rb7 59. Rc1 Ra7 60. g4 Nd3
61. Ra1 a2 62. h5 g5 63. Be8 Nc5+ 64. Kb4 Nd3+ 65. Kb3 Nc5+ 66. Kb4 Re7 67. Bb5
Re2 68. Ka3 Kc3 69. Rc1+ Kd4 70. Ra1 Kc3 71. Rc1+ Kd4 72. Ra1 Nd3 73. Rxa2 Re7
74. Rc2 Ra7+ 75. Kb3 Nc5+ 76. Kb2 Nd3+ 77. Kb3 Nc5+ 78. Kb2 Nd3+ 79. Kb1 Re7
80. Rh2 Kc3 81. Rh3 Re1+ 82. Ka2 Re2+ 83. Ka3 Re1 84. Rxd3+ Kxd3 85. Kb4 Kd4
86. Kb3 Re3+ 87. Kb4 Rc3 88. Ba6 Rc1 89. Kb3 Rb1+ 90. Kc2 Rg1 91. Bc8 Kxc4 92.
Kd2 Kd4 93. Ke2 Rc1 94. Bf5 Rc6 95. Kd2 Rb6 96. Ke2 Ke5 97. Kf3 Ra6 98. Ke3 Rb6
99. Kf3 Kd4 100. Ke2 Rb2+ 101. Kf3 Rb3+ 102. Ke2 Rb6 103. Kf2 Ke5 104. Kf3 Rb3+
105. Kf2 Kf4 106. Ke2 Rh3 107. Bc8 Rh2+ 108. Kd3 Rh1 109. Ke2 Rh2+ 110. Kd3 Ra2
111. Bf5 Ra6 112. Ke2 Rd6 113. Bc8 Rd8 114. Bf5 Re8+ 115. Kf2 Ra8 116. Ke2 Rd8
117. Kf2 Rd2+ 118. Ke1 Ke3 119. Kf1 Kf3 120. Kg1 Rf2 121. Be6 Kg3 122. Bf5 Kf3
123. Be4+ Kg3 124. Bf5 Re2 125. Kf1 Kf3 126. Kg1 Rd2 127. Be6 Rb2 128. Bf5 Ra2
129. Be6 Rc2 130. Bf5 Rd2 131. Be6 Rd1+ 132. Kh2 Rd6 133. Bf5 Kf2 134. Bc8 Rd2
135. Bf5 Rb2 136. Bd7 Kf1+ 137. Kh1 Rd2 138. Bf5 Rd6 139. Kh2 Kf2 140. Bc8 Rd1
141. Bf5 Rg1 142. Be6 Rg2+ 143. Kh3 Kg1 144. Bd5 Rd2 145. Bf3 Rd3 146. Kg3 Re3
147. h6 Re7 148. Bd5 Rh7 149. Kf3 Rxh6 150. Ke4 Rf6 151. Ke5 Rf4 152. Be6 Kf2
153. Bf5 Kg3 0-1